| 000 | 00626nam a22001937a 4500 | ||
|---|---|---|---|
| 999 |
_c169683 _d169683 |
||
| 005 | 20191128171640.0 | ||
| 010 | _aUR-10638 | ||
| 020 |
_c300.00 _a9789389002201 |
||
| 035 | _aU-9193 | ||
| 037 |
_bDBAD/PUB _a- |
||
| 082 | _aک | ||
| 100 | _aمحمد حنيف خا ن | ||
| 245 |
_aمجسموں کا شہر _cمحمد حنيف خا ن |
||
| 246 |
_bMujassamon Ka Shahar (Urdu) _abyMohd. Haneef Khan |
||
| 260 |
_aDelhi _bEducational Publishing House _c2019 ء |
||
| 270 |
_a3191,Vakil Street, Kucha Pandit,Lal Kuan, _bDelhi _e110006 _k01123216162 _l- |
||
| 300 |
_a244 ص _c22 Cm(Hb) |
||
| 942 |
_2ddc _cUR _hک _mم ح م |
||